[Event "Berlin Lichtenberger op 16th"]
[Site "Berlin"]
[Date "2017.08.20"]
[Round "2"]
[White "Kurzweil, Thomas"]
[Black "Regel, Michael"]
[Result "1-0"]
[WhiteElo "1918"]
[BlackElo "1582"]
[PlyCount "27"]
[EventDate "2017.08.19"]
[EventType "swiss"]
[EventRounds "9"]
[EventCountry "GER"]
[SourceTitle "CBM 180 Extra"]
[Source "ChessBase"]
[SourceDate "2017.10.06"]
[SourceVersion "1"]
[SourceVersionDate "2017.10.06"]
[SourceQuality "1"]

1. d4 Nf6 2. c4 e6 3. Nf3 b6 4. Nc3 Bb7 5. Bg5 Be7 6. Qc2 d5 7. e3 0-0 8. Bd3 dxc4 9. Bxc4 Nbd7 10. Qe2 c5 11. 0-0 h6 12. Bh4 Qc7 13. Bg3 Bd6 14. Nb5 1-0

[Event "Berlin Lichtenberger op 16th"]
[Site "Berlin"]
[Date "2017.08.19"]
[Round "1"]
[White "Regel, Michael"]
[Black "Jess, Arne"]
[Result "1/2-1/2"]
[WhiteElo "1582"]
[BlackElo "1862"]
[PlyCount "89"]
[EventDate "2017.08.19"]
[EventType "swiss"]
[EventRounds "9"]
[EventCountry "GER"]
[SourceTitle "CBM 180 Extra"]
[Source "ChessBase"]
[SourceDate "2017.10.06"]
[SourceVersion "1"]
[SourceVersionDate "2017.10.06"]
[SourceQuality "1"]

1. e4 c5 2. c3 d5 3. exd5 Qxd5 4. d4 Nc6 5. Nf3 Bg4 6. Be2 e6 7. Bf4 Nf6 8. Na3 Qe4 9. Be3 cxd4 10. cxd4 Bxa3 11. bxa3 0-0 12. 0-0 Rfd8 13. h3 Bh5 14. Ng5 Bxe2 15. Nxe4 Bxd1 16. Nxf6+ gxf6 17. Rfxd1 Rd7 18. Rd2 Rad8 19. Rad1 Rd5 20. Rd3 h5 21. R3d2 Na5 22. Rc1 Nc6 23. Rb1 R8d7 24. Rbd1 Ne7 25. g4 Kh7 26. Kg2 Rd8 27. f3 Nc6 28. Kg3 Na5 29. Rc1 b5 30. Rc7 Nc4 31. Rd3 R8d7 32. Rxd7 Rxd7 33. Bf2 hxg4 34. hxg4 a6 35. f4 Kg6 36. Kf3 Rd8 37. Rc3 Rh8 38. Kg2 Rd8 39. a4 Nd2 40. axb5 axb5 41. Be3 Ne4 42. Rb3 Rd5 43. Kf3 Nd6 44. Rb4 Nc8 45. a4 1/2-1/2